Cesta k oživeniu kapitálového trhu
Používanie komunálnych obligácií v podmienkach Slovenska a USA. Predčasné splatenie. Poistenie emisií. Obchodovanie s emisiami. Prospekt emitenta. Umorovacie fondy.
Saved in:
| Main Author: | |
|---|---|
| Format: | Book Chapter |
| Language: | Slovak |
| Subjects: | |
| Tags: |
No Tags, Be the first to tag this record!
|
MARC
| LEADER | 00000naa a2200000 4500 | ||
|---|---|---|---|
| 001 | r048185 | ||
| 005 | 20230927091648.0 | ||
| 041 | 0 | |a slo | |
| 044 | |a SK | ||
| 245 | 1 | 0 | |a Cesta k oživeniu kapitálového trhu |c Eva Chovancová |
| 520 | |a Používanie komunálnych obligácií v podmienkach Slovenska a USA. Predčasné splatenie. Poistenie emisií. Obchodovanie s emisiami. Prospekt emitenta. Umorovacie fondy. | ||
| 610 | 2 | 0 | |a dlhopisy komunálne |
| 610 | 2 | 0 | |a splátky |
| 610 | 2 | 0 | |a poistenie |
| 610 | 2 | 0 | |a emisie |
| 610 | 2 | 0 | |a emitenti |
| 610 | 2 | 0 | |a Slovensko |
| 610 | 2 | 0 | |a USA |
| 610 | 2 | 0 | |a trh kapitálový |
| 100 | 1 | |a Chovancová, Eva | |